000 00452nam a2200181Ia 4500
001 14214
005 20260306164858.0
008 260306t2001||||xx |||||||||||||| ||spa||
041 _aESP
082 _a510.0711
_bS75
100 _aSpiegel Murray R.
_eAUT
245 0 _aMatemática avanzadas:
_bpara ingeniería y ciencias
260 _c2001
300 _ax, 498 páginas :
_c27 cm.
650 _aGEN
654 _aCMA
942 _cLIB
_dJUS
_fJUS
_2ddc
_n
999 _c14214
_d14214